Eastern Utah Libraries Catalog: Duchesne, Heber, Roosevelt, & Vernal

Into the unknown : (Record no. 402720)

MARC details
000 -LEADER
fixed length control field 02662cam a2200373 i 4500
001 - CONTROL NUMBER
control field sky310231203
003 - CONTROL NUMBER IDENTIFIER
control field SKY
005 - DATE AND TIME OF LATEST TRANSACTION
control field 20241220145411.0
008 - FIXED-LENGTH DATA ELEMENTS--GENERAL INFORMATION
fixed length control field 240417t20242024nyua e 001 0 eng d
010 ## - LIBRARY OF CONGRESS CONTROL NUMBER
LC control number 2024002952
020 ## - INTERNATIONAL STANDARD BOOK NUMBER
International Standard Book Number 9781541604360
Qualifying information (hardcover)
020 ## - INTERNATIONAL STANDARD BOOK NUMBER
International Standard Book Number 1541604369
Qualifying information (hardcover)
040 ## - CATALOGING SOURCE
Original cataloging agency PSt/DLC
Language of cataloging eng
Description conventions rda
Transcribing agency DLC
Modifying agency SKYRV
-- CoBPL
050 00 - LIBRARY OF CONGRESS CALL NUMBER
Classification number QB982
082 00 - DEWEY DECIMAL CLASSIFICATION NUMBER
Classification number 523.1
Edition number 23/eng/20240509
092 ## - LOCALLY ASSIGNED DEWEY CALL NUMBER (OCLC)
Classification number general nonfiction
Item number 523.1 Johnson, Kelsey
100 1# - MAIN ENTRY--PERSONAL NAME
Personal name Johnson, Kelsey,
Relator term author.
9 (RLIN) 6447536
245 10 - TITLE STATEMENT
Title Into the unknown :
Remainder of title the quest to understand the mysteries of the cosmos /
Statement of responsibility, etc Kelsey Johnson.
250 ## - EDITION STATEMENT
Edition statement First edition.
264 #1 - Production, Publication, Distribution, Manufacture, and Copyright Notice.
Place of production, publication, distribution, manufacture New York :
Name of producer, publisher, distributor, manufacturer Basic Books,
Date of production, publication, distribution, manufacture, or copyr 2024.
264 #4 - Production, Publication, Distribution, Manufacture, and Copyright Notice.
Date of production, publication, distribution, manufacture, or copyr ©2024.
300 ## - PHYSICAL DESCRIPTION
Extent viii, 401 pages :
Other physical details illustrations ;
Dimensions 25 cm.
336 ## - Content Type
Content type term text
336 ## - Content Type
Content type term still image
337 ## - Media type
Media type term unmediated
338 ## - Carrier type
Carrier type term volume
504 ## - BIBLIOGRAPHY, ETC. NOTE
Bibliography, etc Includes bibliographical references and index.
505 0# - FORMATTED CONTENTS NOTE
Formatted contents note A little perspective -- What is knowledge -- What caused the Big Bang? -- Does extraterrestrial life exist? -- What are dark matter and dark energy? -- What happens inside black holes? -- What is the nature of time? -- Are there hidden dimensions? -- What determines the laws of nature? -- Is the universe finely tuned? -- What is our place in the universe? -- Further reading.
520 ## - SUMMARY, ETC.
Summary, etc "Humans have learned a lot about the world around us and the universe beyond. We have had powerful insights and created profound theories about the universe and everything in it. Surely the ultimate theory must be waiting, just beyond our current knowledge. Well, maybe. In Into the Unknown, astrophysicist Kelsey Johnson takes us to the edge of scientific understanding about the universe: What caused the Big Bang? What happens inside black holes? Are there other dimensions? She doesn't just celebrate whatwe know but rather what we don't, and asks what it means if we never find that knowledge. Exploring the convergence of science, philosophy, and theology, Johnson argues we must reckon with possibilities-including those that may be beyond human comprehension. The very places where we run smack into total ignorance are the places where the most important questions -- about the philosophy of knowledge, the nature of our cosmos, and even the existence of God -- await. As accessible as it is profound, Into the Unknown invites each of us to join in the great quest for knowledge"--
650 #0 - SUBJECT ADDED ENTRY--TOPICAL TERM
Topical term or geographic name as entry element Cosmology
Form subdivision Popular works.
9 (RLIN) 5741424
650 #0 - SUBJECT ADDED ENTRY--TOPICAL TERM
Topical term or geographic name as entry element Big bang theory.
650 #0 - SUBJECT ADDED ENTRY--TOPICAL TERM
Topical term or geographic name as entry element Black holes (Astronomy)
942 ## - ADDED ENTRY ELEMENTS (KOHA)
Source of classification or shelving scheme Dewey Decimal Classification
Koha item type BOOK
Holdings
Withdrawn status Lost status Source of classification or shelving scheme Damaged status Not for loan Collection code Home library Current library Shelving location Date acquired Source of acquisition Total Checkouts Total Renewals Full call number Barcode Date last seen Date checked out Cost, replacement price Price effective from Koha item type
    Dewey Decimal Classification     General NonFiction Wasatch County Library Wasatch County Library Second Floor 12/20/2024 Micromarketing 5 5 523.1 Johnson 34301002088146 03/03/2026 11/04/2025 32.50 12/20/2024 BOOK
This project was made possible through a grant from the Institute of Museum and Library Service administered by the Utah State Library Division.

Wasatch County Library

  • 465 East 1200 South, Heber City, Utah 84032
  • Phone 435-654-1511 | Fax 435-654-6456

Hours

  • Monday - Friday 9:30 AM - 8:00 PM
  • Saturday 9:30 AM - 1:30 PM
  • Closed Sundays and Holidays